| 000 | 01001nam a22002177a 4500 | ||
|---|---|---|---|
| 003 | 0 | ||
| 005 | 20250203173410.0 | ||
| 008 | 250203b xxu||||| |||| 00| 0 eng d | ||
| 050 |
_aHQ 519 _b.An54 2024 |
||
| 100 | _aAngelito, Janeia Johanne A. | ||
| 245 |
_aLangit lupa _ba short-form komik portraying family dynamics in filipino culture through mythology cross-published on facebook, instagram and x. _cJaneia Johanne A. Angelito and one other. |
||
| 260 |
_aLas Pinas City _bSouthville International School and Colleges _c2024 |
||
| 300 |
_ax, 174 pages ; _c28cm. |
||
| 500 | _aBachelor of Arts in Multimedia Arts. | ||
| 504 | _aIncludes bibliographical references and appendices. | ||
| 650 | _aPhilippine mythology – Family representation – Comics and storytelling. | ||
| 650 | _aComics and graphic novels – Digital publishing – Philippines. | ||
| 650 | _aCultural narratives – Storytelling in comics – Filipino folklore. | ||
| 700 | _aDacayan, Kaila Maria S. | ||
| 942 |
_2lcc _cTH |
||
| 999 |
_c367106 _d367106 |
||